Statistics for Квиз о Еквадору

Click here to take the quiz!

General Stats

  • This quiz has been taken 46 times
  • The average score is 11 of 21

Answer Stats

ОписОдговор% Correct
Званичан језикШпански
100%
Државе са којима се граничиКолумбија
92%
Планински венац који се пружа кроз ову државуАнди
87%
Државе са којима се граничиПеру
87%
Главни градКито
84%
Линија географске ширине на којој ова држава лежиЕкватор
84%
Еквадор је највећи извозник овог воћа на светуБанане
74%
Источни део Еквадора је део ове кишне шумеАмазонија
71%
Архипелаг удаљен 906 км према западуГалапагос
58%
Валута коју користи ЕквадорАмерички Долар
50%
Птица на грбуАндски {Кондор}
37%
Научник који посетио ова острва на броду "Бигл"Чарлс Дарвин
37%
Домородачки језик са највише говорникаКичва (Кечуа)
34%
Домородачко царство које је освојило Еквадор током раног 15. векаИнка
32%
Врста шешира која потиче из Еквадора али, иронично, носи назив по једној другој држави{Панама} шешир
29%
Врста која је истребљена када је Усамљени Џорџ угинуо 2012.{Корњача} острва Пинта
26%
72% Еквадораца су _____, мешавина људи шпанског и индијанског пореклаМестици
21%
Највећи градГвајакил
18%
Највиша планина на свету (када се мери од центра Земље)Чимборазо
13%
Антималаријски лек који се прави од Синчоне, националног дрвета ЕквадораКинин
13%
Врста игуане која постоји само на овим острвима{Морска} игуана
5%

Score Distribution

Percentile by Number Answered

Percent of People with Each Score

Your Score History

You have not taken this quiz